RuPauls Drag Race - Snatch Game Big Quiz - Statistics

General Stats
  • This quiz has been taken 234 times
    68 since last reset
  • The average score is 61 of 138
Answer Stats
Queen Snatch Game Character % Correct
Bianca Del Rio Judge Judy
89%
Derrick Barry Britney Spears
86%
Chad Michaels Cher
86%
Alyssa Edwards Katy Perry
82%
Jinkx Monsoon Little Edie
81%
Gottmik Paris Hilton
81%
Gigi Goode Maria the Robot
79%
Bob The Drag Queen Uzo Aduba/Carol Channing
79%
Ginger Minj Adele
77%
Alexis Michelle Liza Minelli
77%
BenDeLaCreme Maggie Smith
75%
Aquaria Melania Trump
74%
Kennedy Davenport Little Richard
70%
Adore Delano Anna Nicole Smith
68%
Asia O'Hara Beyonce
67%
Pandora Boxx Carol Channing
67%
Alaska Lady Bunny
67%
Pearl Big Ang
65%
Phi Phi O'Hara Lady Gaga
65%
Brooke Lynn Hytes Celine Dion
63%
Eureka O'Hara Honey Boo Boo
63%
Raja Tyra Banks
63%
Coco Montrese Janet Jackson
61%
Jaidynn Diore Fierce Raven-Symone
61%
Kenya Michaels Beyonce
60%
Gia Gunn Kim Kardashian
60%
Monet X Change Maya Angelou
60%
Jessica Wild RuPaul
60%
Max Sharon Needles
60%
Jade Jolie Taylor Swift
60%
Alexis Mateo Alicia Keys
58%
Tatianna Britney Spears
58%
Sharon Needles Michelle Visage
58%
Latrice Royale Aretha Franklin
56%
Amethyst Patricia "Tan mom" Krentcil
56%
Loosey LaDuca Joan Rivers
54%
Detox Kesha
54%
Ivy Winters Marilyn Monroe
54%
Thorgy Thor Michael Jackson
54%
Morgan McMichaels Pink
54%
Deja Skye Lil Jon
53%
Stacy Layne Matthews Mo'Nique
53%
Jiggly Caliente Nicole 'Snooki' Polizzi
53%
Angeria Paris Van Micheals Tammie Brown
53%
Utica Queen Bob Ross
51%
Chi Chi DeVayne Eartha Kitt
51%
Rose Mary, Queen of Scots
51%
Spice Miley Cyrus
51%
Violet Chachki Alyssa Edwards
49%
Sonique Lady Gaga
49%
Raven Paris Hilton
49%
Cynthia Lee Fontaine Sofia Vergara
49%
Roxxxy Andrews Tamar Braxton
49%
Tyra Sanchez Beyonce
47%
Miss Fame Donatella Versace
47%
Nina Bo'nina Brown Jasmine Masters
47%
Silky Nutmeg Ganache Ts Madison
47%
Lady Camden William Shakespeare
47%
Willow Pill Drew Barrymore
46%
Bosco Gwyneth Paltrow
46%
Denali Jonathan Van Ness
46%
Jackie Cox Lisa Rinna
46%
Sasha Velour Marlene Dietrich
46%
Laganja Estranja Rachel Zoe
46%
Yvie Oddly Whoopi Goldberg
46%
Delta Work Cher
44%
Mariah Paris Balenciaga Joan Crawford
44%
Daya Betty Ozzy Osbourne
44%
Kameron Michaels Chyna
42%
Kim Chi Kimmy Jong-Un
42%
Kandy Muse Patrick Starr
42%
Crystal Methyd Poppy
42%
Dida Ritz Wendy Williams
42%
Aja Alyssa Edwards
40%
Milan Diana Ross
40%
Courtney Act Fran Drescher
40%
Sapphira Cristal James Brown
40%
Brita Jennifer Holliday
40%
Sugar Trisha Paytas
40%
Yara Sofia Amy Winehouse
39%
Valentina Ariadna 'Miss Colombia' Gutierrez
39%
Lineysha Sparx Celia Cruz
39%
Nymphia Wind Jane Goodall
39%
Carmen Carrera Jennifer Lopez
39%
Willam Jessica Simpson
39%
Shea Coulee Naomi Campbell
39%
Katya Suze Orman
39%
Naomi Smalls Tiffany Pollard
39%
Aura Mayari Bretman Rock
37%
Farrah Moan Gigi Gorgeous
37%
Anetra Gorgena Ramsey
37%
Acid Betty Nancy Grace
37%
Trinity K Bonet Nicki Minaj
37%
Jaida Essence Hall Cardi B
35%
Symone Harriet Tubman
35%
Jax Mona Lisa
35%
Darienne Lake Paula Deen
35%
Joslyn Fox Teresa Giudice
35%
Shangela Tina Turner
35%
Sahara Davenport Whitney Houston
35%
Trinity 'The Tuck' Taylor Amanda Lepore
33%
Milk Julia Child
33%
Jujubee Kimora Lee Simmons
33%
Peppermint NeNe Leakes
33%
Marcia Marcia Marcia Tim Gunn
33%
Luxx Noir London Amanda Lepore
32%
The Vixen Blue Ivy Carter
32%
Aiden Zhane Patricia Quinn
32%
Salina EsTitties Virgin Mary
32%
Shuga Cain Charo
30%
Manila Luzon Imelda Marcos
30%
Widow Von'Du Tina Turner/Ike Turner
28%
Heidi N Closet Leslie Jones
26%
Monique Heart Maxine Waters
26%
Tina Burner Richard Simmons
26%
A'Keria C. Davenport Tiffany Haddish
26%
Q Amelia Earhart
25%
Jan Bernadette Peters
25%
Elliott with 2 Ts Rue McClanahan
23%
Vanessa Vanjie Mateo Danielle Bregoli
21%
Sherry Pie Katharine Hepburn
21%
Malaysia Babydoll Foxx Saucy Santana
21%
Robbie Turner Diana Vreeland
19%
Nina West Harvey Fierstein/Jo Anne Worley
19%
Mistress Isabelle Brooks Rosie O'Donnell
19%
Xunami Muse Gold Tooth Fairy
18%
Plastique Tiara Lovely Mimi
18%
Plasma Patti LuPone
18%
Dawn Meghan McCain
16%
Jasmine Kennedie Betsy DeVos
14%
Jorgeous Ilana Glazer
14%
Plane Jane Jelena Karleusa
14%
Olivia Lux Tabitha Brown
14%
Miz Cracker Dorothy Parker
12%
Morphine Love Dion Anna Delvey
11%
Sasha Colby Jan Crouch
11%
Mhi'ya Iman Le'Paige Trinas' Cousin Shaquita
11%
Robin Fierce Karen Huger
9%
No matching quizzes found
Score Distribution
Percent of People with Each Score
Percentile by Number Answered
Your Score History
You have not taken this quiz since the last reset